| 000 | 00408nam a22001577a 4500 | ||
|---|---|---|---|
| 003 | PILC | ||
| 005 | 20151015155216.0 | ||
| 008 | 151015b xxu||||| |||| 00| 0 eng d | ||
| 020 | _a0099900505 | ||
| 050 |
_aPZ 7 _b.D491 1989 |
||
| 100 | _aDeveraux, Jude. | ||
| 245 |
_aWishes / _cJude Deveraux. |
||
| 260 |
_aLondon : _bArrow Books Limited, _c1989. |
||
| 300 |
_a278 pages ; _c19 cm. |
||
| 942 |
_2lcc _cBK _kFOR |
||
| 999 |
_c288867 _d288867 |
||